000 00415nam a2200145Ia 4500
008 220217s9999||||xx |||||||||||||| ||und||
020 _a81-203-2141-3
082 _a005.131 COR
100 _aCormen, Thomas, H Leiserson, Charles, E
_93252
245 0 _aIntroduction to algorithams
250 _a2nd
260 _aPrentice hall of india
_bNew Delhi
_c2002
300 _b325
650 _aPROGRAMMING LANGUAGE
999 _c171252
_d171252